000 00430nam a22001697a 4500
003 OSt
008 240327b |||||||| |||| 00| 0 eng d
020 _a9789357942140
082 _a658.4 GUS
100 _aGUPTA, Seema
245 _aSoft Skill: Interpersonal & Intrapersonal Skills Development
250 _aIst. ed.
260 _aNew Delhi
_bV&S Publishers
_c2020
300 _a199 p.
650 _aEnglish
942 _2ddc
_cBK
999 _c12314
_d12314